000
00281nam a2200097Ia 4500
001
761142
005
20250826165201.0
008
250824s9999 xx 000 0 und d
245
0
_a
BALKAN MUHACİRLERİNİN KONYA VİLAYETİNE İSKANI
_c
KÜRŞAT KURTULGAN
260
_b
ÇİZGİ YAYINLARI
999
_c
761142
_d
761142